| 000 | 00765nam a22001937a 4500 | ||
|---|---|---|---|
| 005 | 20260211124406.0 | ||
| 010 | _aHIN-131071 | ||
| 020 |
_a9789392175381 _c300.00 |
||
| 035 | _aHN-103417 | ||
| 037 | _bDBAD | ||
| 082 | _a820.08 | ||
| 100 |
_aनगेन्द्र _987292 |
||
| 245 |
_aनयी समीक्षा नये संदर्भ / _cनगेन्द्र |
||
| 260 |
_aनई दिल्ली _bनेशनल पब्लिशिंग कंपनी _c2024 |
||
| 270 |
_a4226/1, अंसारी रोड, दरियागंज, _bनई दिल्ली _e110002 |
||
| 300 |
_a106पृ. _c22सेमी (सजिल्द) |
||
| 942 |
_2ddc _cHN _h820.08 _mनगेन्द्र |
||
| 999 |
_c214799 _d214799 |
||